| 000 | 01134nam a22003137a 4500 | ||
|---|---|---|---|
| 005 | 20170606114224.0 | ||
| 010 | _aBAC-EN21/ENG-108787 | ||
| 020 |
_a9781259006463 _c325.00 |
||
| 020 |
_a1259006468 _c325.00 |
||
| 020 |
_a9781259006463 _c395.00 (AV) |
||
| 035 | _aEN-92320 | ||
| 035 | _aB-585512-533 | ||
| 035 | _aB-669649 | ||
| 037 |
_bAsian Book Centre/ven _adpl |
||
| 037 | _bDBAD/PUB | ||
| 082 | _a621.38153 | ||
| 100 | _aBhargava, N.N. | ||
| 245 |
_aBasic electronics and linear circuits / _cby N.N. Bhargava [and] D.C. Kulshreshtha |
||
| 250 | _a2nd ed | ||
| 260 |
_aNew Delhi _bMcGraw-Hill Education _c2013 |
||
| 270 |
_aP-24 Green Park Extension _bNew Delhi _e110016 |
||
| 300 |
_axv,482p. : _bill. _c24cm(pbk) |
||
| 500 | _aIncludes index. | ||
| 500 | _aSupply received revised price Rs.375.00 | ||
| 700 | _aKulshreshtha, D.C. | ||
| 942 |
_2ddc _cEN _h621.38153 _mBHA |
||
| 999 |
_c81083 _d81083 |
||